Control de plagas y enfermedades en los cultivos (Registro nro. 7774)

Detalles MARC
000 -CABECERA
Longitud fija campo de control 02528nam a2200421 i 4500
003 - • IDENTIFICADOR DELl NÚMERO DE CONTROL
Identificador del número de control CO-BoRNBP
005 - • FECHA Y HORA DE LA ÚLTIMA TRANSACCIÓN
Fecha y hora de la última transacción 20220317001703.0
007 - • CAMPO FIJO DE DESCRIPCIÓN FÍSICA
Campo fijo de descripción física ta
008 - • CÓDIGOS DE INFORMACIÓN DE LONGITUD FIJA
Códigos de información de longitud fija 210828s20072016ck ao er 1 spa d spa
020 ## - • NÚMERO INTERNACIONAL NORMALIZADO PARA LIBROS
Número Internacional Normalizado para Libros (ISBN) 9588203279
020 ## - • NÚMERO INTERNACIONAL NORMALIZADO PARA LIBROS
Número Internacional Normalizado para Libros (ISBN) 9589608671
040 ## - FUENTE DE LA CATALOGACIÓN
Centro catalogador de origen CO-BoRNBP
Lengua de catalogación spa
Normas de descripción rda
Centro transcriptor CO-BoRNBP
041 0# - • CÓDIGO DE LENGUA
Código de lengua del texto/banda sonora o título independiente spa
082 04 - • NÚMERO DE LA CLASIFICACIÓN DECIMAL DEWEY
Número de clasificación (R) 632.6
Número del ítem C65
Número de edición 23
245 00 - • TITULO PROPIAMENTE DICHO
Título Control de plagas y enfermedades en los cultivos
Mención de responsabilidad, etc. Colaboradores Instituto Colombiano Agropecuario. ICA, Guillermo A. León M. (y otros cuarenta y dos) ; fotografía Jack K. clark, Sonia Patricia Tapias T., Felipe Durán Ramírez, María Helena Delgado Gómez
250 ## - • MENCIÓN DE EDICIÓN
Mención de edición Primera edición
264 #1 - PRODUCCIÓN, PUBLICACIÓN , DISTRIBUCIÓN, FABRICACIÓN Y COPYRIGHT
Lugar de producción, publicación, distribución, fabricación Bogotá, Colombia
Nombre del productor, editor, distribuidor, fabricante Grupo Latino
Fecha de de producción, publicación, distribución, fabricación o copyright 2007
264 #4 - PRODUCCIÓN, PUBLICACIÓN , DISTRIBUCIÓN, FABRICACIÓN Y COPYRIGHT
Fecha de de producción, publicación, distribución, fabricación o copyright ©2016
300 ## - • DESCRIPCIÓN FÍSICA
Extensión 768 páginas
Otras características físicas ilustraciones, fotografías a color
Dimensiones 28 cm
336 ## - TIPO DE CONTENIDO
Término de tipo de contenido texto
Código de tipo de contenido txt
Fuente rdacontent
337 ## - TIPO DE MEDIO
Nombre del tipo de medio sin mediación
Código del tipo de medio n
Fuente rdamedia
338 ## - TIPO DE SOPORTE
Nombre del tipo de soporte volumen
Código del tipo de soporte nc
Fuente rdacarrier
490 0# - • MENCIÓN DE SERIE
Mención de serie Volvamos al campo
504 ## - • NOTA DE BIBLIOGRAFÍA, ETC
Nota de bibliografía, etc. Incluye referencias bibliográficas
505 0# - • NOTA DE CONTENIDO CON FORMATO
Título (R ) Enemigos naturales
-- Control de plagas
-- Manual de detección de moscas de las frutas
-- Signos de las deficiencias nutricionales en cacao
-- Plagas y enfermedades en plátano
-- Manejo fitosanitario de enfermedades y plagas en mango
-- Manejo fitosanitario de frutales y caducifolios
-- Control de plagas y enfermedades del guanábano
-- Control de enfermedades en melón y papaya
-- Control de plagas y enfermedades en la piña
-- Manejo integrado del algodonero con énfasis en picudo
-- Plagas y enfermedades en frutas tropicales
-- Enfermedades de la mora
-- Control de plagas y enfermedades en maíz y sorgo
-- Enfermedades y plagas de las hortalizas
-- Enfermedades del cocotero y la palma de cera Estación de cuarentena cerrada
-- Manejo y control de la hormiga loca
-- La enfermedad del café
-- La enfermedad del café
-- Plagas y enfermedades de la papa
-- Alelopatía
521 ## - • NOTA DE PÚBLICO DESTINATARIO
Nota público destinatario (R ) Recomendado para un público adulto
650 17 - • PUNTO DE ACCESO ADICIONAL DE MATERIA - TÉRMINO DE MATERIA
Término de materia o nombre geográfico como elemento inicial Agricultura
Subdivisión de materia general Enfermedades y plagas
Fuente del encabezamiento o término ARMARC
650 17 - • PUNTO DE ACCESO ADICIONAL DE MATERIA - TÉRMINO DE MATERIA
Término de materia o nombre geográfico como elemento inicial Control de plagas
Fuente del encabezamiento o término ARMARC
650 17 - • PUNTO DE ACCESO ADICIONAL DE MATERIA - TÉRMINO DE MATERIA
Término de materia o nombre geográfico como elemento inicial Control de plagas en plantas
Fuente del encabezamiento o término ARMARC
650 17 - • PUNTO DE ACCESO ADICIONAL DE MATERIA - TÉRMINO DE MATERIA
Término de materia o nombre geográfico como elemento inicial Árboles frutales
Subdivisión de materia general Enfermedades y plagas
Fuente del encabezamiento o término ARMARC
650 17 - • PUNTO DE ACCESO ADICIONAL DE MATERIA - TÉRMINO DE MATERIA
Término de materia o nombre geográfico como elemento inicial Patología vegetal
Fuente del encabezamiento o término ARMARC
700 1# - • PUNTO DE ACCESO ADICIONAL - NOMBRE DE PERSONA
Nombre de persona León M., Guillermo A
Término indicativo de función colaborador
700 1# - • PUNTO DE ACCESO ADICIONAL - NOMBRE DE PERSONA
Nombre de persona Tapias T., Sonia Patricia
Término indicativo de función Fotógrafa
700 1# - • PUNTO DE ACCESO ADICIONAL - NOMBRE DE PERSONA
Nombre de persona Ramírez, Tapias T., Felipe Durán
Término indicativo de función fotógrafo
700 1# - • PUNTO DE ACCESO ADICIONAL - NOMBRE DE PERSONA
Nombre de persona Delgado Gómez, María Helena
Término indicativo de función Fotógrafa
710 #2 - • PUNTO DE ACCESO ADICIONAL - NOMBRE DE ENTIDAD
Nombre de entidad o nombre de jurisdicción como elemento inicial Instituto Colombiano Agropecuario
942 ## - ENTRADA DE ELEMENTOS AGREGADOS (KOHA)
Fuente de clasificaión o esquema Dewey Decimal Classification
Koha [por defecto] tipo de item LIbro
Existencias
Perdido Fuente de clasificación o esquema Estado Físico No para préstamo Forma de adquisición Localización permanente Localización actual Localización en estanterías Fecha adquisición Préstamos totales Signatura completa Código de barras Fecha última consulta Número de copia Fecha del precio de reemplazo Tipo de item de Koha
  Dewey Decimal Classification     Colección General Biblioteca Pública Medellin del Ariari - El Castillo Biblioteca Pública Medellin del Ariari - El Castillo General 11/10/2024   632.6 L42C BM0001441 11/10/2024 Ej.1 11/10/2024 LIbro









Instituto Departamental de Cultura del Meta - Red Departamental de Bibliotecas Públicas del Meta.